000 00715nam a2200217Ii 4500
003 JO-AjNU
008 230605s9999||||xx |||||||||||||| ||und||
017 _a1992/5677
020 _a977-04-0861
040 _aJO-AjNU
_bara
_erda
_cJO-AjNU
041 _aara
050 1 4 _aLB1051.J32 1992
100 3 _aإعداد جابر، عبد الحميد جابر,
_eauthor
_952637
245 0 0 _aمهارات طالب الجامعة
264 3 1 _aالقاهرة: دار النهضة العربية، 1992
300 _a575ص
336 _atext
_btxt
_2rdacontent
337 _aunmediated
_bn
_2rdamedia
338 _avolume
_bnc
_2rdacarrier
650 4 _aالتعليم الجامعي - مهارات الطلاب
_952638
999 _aA23329
_c26897
_d26897